Tube stations by final character Quiz Stats

 Plays Quiz not verified by Sporcle

Score 0/22 Timer 06:00
0 Plays Today
Ends with Station % Correct
eAldgate...
87.7%
nActon Town ...
87.2%
kBank ...
83.8%
sBlackfriars ...
83.3%
tAldgate East ...
81.9%
lAngel ...
81.5%
dBlackhorse Road ...
80.1%
yArchway ...
76.2%
5Heathrow Terminal 5
74.8%
4Heathrow Terminal 4
74.7%
oPimlico, Waterloo
73.3%
Ends with Station % Correct
hBorough …
72.1%
3Heathrow Terminals 2, 3
66.2%
rBayswater ...
65.6%
mAmersham ...
63%
pFairlop ...
56.3%
gBarking ...
53.5%
aVictoria
50.5%
)Kensington (Olympia)
46.5%
wBromley-by-Bow ...
46%
cTooting Bec
36%
fCanary Wharf
34.4%

You're not logged in!

Compare scores with friends on all Sporcle quizzes.
OR
Log In

Show Comments

Extras

Top Quizzes Today


Score Distribution

Your Account Isn't Verified!

In order to create a playlist on Sporcle, you need to verify the email address you used during registration. Go to your Sporcle Settings to finish the process.

Report this User

Report this user for behavior that violates our Community Guidelines.

Details: